| 000 | 00502nam a2200169 i 4500 | ||
|---|---|---|---|
| 001 | 22705 | ||
| 003 | ES-MaACL | ||
| 005 | 20230906152738.0 | ||
| 007 | t| | ||
| 008 | 021204s1967 sp |||| | spa d | ||
| 100 | 1 |
_aAlonso Olea, Manuel. _920374 |
|
| 245 | 1 | 4 |
_aLos Estados Unidos en sus libros / _cManuel Alonso Olea. |
| 260 |
_aMadrid : _bEuropa, _c1967. |
||
| 300 |
_a182 p. ; _c18 cm. |
||
| 651 | 4 |
_aEstados Unidos- _xCivilización- _vReseñas bibliográficas. _9167884 |
|
| 852 |
_aES-MaACL _jC-34172 |
||
| 999 |
_c22705 _d22705 |
||